البيروقراطية و التمثيل البيروقراطى و التكافؤ فى المملكة العبية السعودية : (Record no. 7870)
[ view plain ]
| 000 -الفاتح | |
|---|---|
| حقل البيانات ثابتة الطول | 01049nam a2200265Ia 4500 |
| 008 - عناصر البيانات ثابتة الطول - معلومات عامة | |
| حقل البيانات ثابتة الطول | 140319s9999 xx 000 0 ara d |
| 020 ## - الرقم الدولى المعيارى للكتب | |
| الرقم الدولى المعيارى للكتاب | 8053829953 |
| 040 ## - مصدر الفهرسة | |
| وكالة الفهرسة الأصلية | GCL / |
| وكالة النسخ | GCL |
| 082 04 - رقم تصنيف ديوى العشرى | |
| رقم التصنيف | 352.49531 |
| رقم المادة | ح ب |
| 100 1# - المدخل الرئيسى - إسم شخصى | |
| الإسم الشخصى | متروك الفالح |
| 245 10 - بيان العنوان | |
| العنوان | البيروقراطية و التمثيل البيروقراطى و التكافؤ فى المملكة العبية السعودية : |
| بقية العنوان | دراسة تحليلية للمخصصات المالية / |
| بيان المسئوليه,etc | متروك الفالح |
| 700 1# - المدخل الاضافى - اسم شخصى | |
| الإسم الشخصى | حمد الوردى |
| 700 1# - المدخل الاضافى - اسم شخصى | |
| الإسم الشخصى | هناء معتوق |
| 700 1# - المدخل الاضافى - اسم شخصى | |
| الإسم الشخصى | داليا حمدان |
| 250 ## - بيان الطبعة | |
| بيان الطبعة | الاولى |
| 300 ## - الوصف المادى | |
| التعداد | 216 ص ؛ |
| أبعاد الوعاء | 23 سم |
| 490 ## - بيان السلسلة | |
| عنوان السلسلة | سلسلة اطروحات الدكتوراة |
| رقم المجلد/ التعيين التسلسلي | 55 |
| 650 04 - المدخل الاضافى بالموضوع-مصطلح موضوعى | |
| مصطلح موضوعي | الادارة العامة |
| 650 04 - المدخل الاضافى بالموضوع-مصطلح موضوعى | |
| مصطلح موضوعي | البيروقراطية |
| 650 04 - المدخل الاضافى بالموضوع-مصطلح موضوعى | |
| مصطلح موضوعي | البيروقراطية - السعودية |
| 650 04 - المدخل الاضافى بالموضوع-مصطلح موضوعى | |
| مصطلح موضوعي | الادارة المالية - السعودية |
| 942 ## - عناصر المدخل الإضافي( كوها) | |
| مصدر التصنيف او مخطط الترفيف | Dewey Decimal Classification |
| Koha [default] item type | كتاب |
| 260 ## - PUBLICATION, DISTRIBUTION, ETC. (IMPRINT) | |
| -- | القاهرة : |
| -- | مركز دراسات الوحدة العربية |
| حالة التراجع | حالة الفقد | حالة تلف | ليس للاعارة | المكان المؤقت | الموقع الحالى | تاريخ الاكتساب | اجمالي اﻻعارات | رقم الطلب | الباركود | تاريخ اخر مشاهدة | تاريخ تفعيل السعر | نوع وعاء كوها |
|---|---|---|---|---|---|---|---|---|---|---|---|---|
| مكتبة القاهرة الكبرى | مكتبة القاهرة الكبرى | 03/26/2014 | 352.49531\ح ب | 16182 | 03/26/2014 | 03/26/2014 | كتاب | |||||
| مكتبة القاهرة الكبرى | مكتبة القاهرة الكبرى | 03/26/2014 | 352.49531\ح ب | 16183 | 03/26/2014 | 03/26/2014 | كتاب |

